25/26 Premier League Teams by Jersey Color - Statistics

General Stats
  • This quiz has been taken 91 times
  • The average score is 17 of 20
Answer Stats
Hint Answer % Correct
A Arsenal
93%
C Chelsea
91%
L Liverpool
90%
A Aston Villa
87%
L Leeds United
84%
W West Ham
84%
W Wolves
84%
E Everton
83%
M Man City
83%
N Newcastle
83%
S Sunderland
83%
T Tottenham
83%
B Burnley
81%
F Fulham
81%
M Man United
81%
B Brighton Hove Albion
80%
N Nottingham Forest
80%
B Bournemouth
77%
B Brentford
77%
C Crystal Palace
77%
No matching quizzes found
Score Distribution
Percent of People with Each Score
Percentile by Number Answered
Your Score History
You have not taken this quiz